Review of occupancy costs 2006 (Record no. 105645)

MARC details
000 -LEADER
fixed length control field 00898cam a2200217 4500
001 - CONTROL NUMBER
control field E134322
008 - FIXED-LENGTH DATA ELEMENTS--GENERAL INFORMATION
fixed length control field 020527n2006 000 0 eng u
020 ## - INTERNATIONAL STANDARD BOOK NUMBER
International Standard Book Number 1904829376
035 ## - SYSTEM CONTROL NUMBER
System control number (Sirsi) u134322
041 ## - LANGUAGE CODE
Language code of text/sound track or separate title eng.
050 ## - LIBRARY OF CONGRESS CALL NUMBER
Classification number 690.24 $2 18
110 ## - MAIN ENTRY--CORPORATE NAME
Corporate name or jurisdiction name as entry element Building Maintenance Information
9 (RLIN) 3229
245 ## - TITLE STATEMENT
Title Review of occupancy costs 2006
260 ## - PUBLICATION, DISTRIBUTION, ETC.
Place of publication, distribution, etc. London
Name of publisher, distributor, etc. Building Maintenance Information
Date of publication, distribution, etc. 2006
300 ## - PHYSICAL DESCRIPTION
Extent 107p.
Dimensions 30cm.
490 ## - SERIES STATEMENT
Series statement BMI Special Report
Volume/sequential designation 352
520 ## - SUMMARY, ETC.
Summary, etc. Contains estimates for the annual average of occupancy costs (cleaning, utilities and administrative costs) for a range of building types. The costs are based on a survey of published data and unpublished BMI studies.
690 ## - LOCAL SUBJECT ADDED ENTRY--TOPICAL TERM (OCLC, RLIN)
Topical term or geographic name as entry element PROPERTY-COMMERCIAL PROPERTY-COMMERCIAL PROPERTY MANAGEMENT-COMMERCIAL PROPERTY OCCUPANCY COSTS
690 ## - LOCAL SUBJECT ADDED ENTRY--TOPICAL TERM (OCLC, RLIN)
Topical term or geographic name as entry element PROPERTY-PROPERTY MANAGEMENT-OCCUPANCY COSTS
942 ## - ADDED ENTRY ELEMENTS (KOHA)
Suppress in OPAC 0
Holdings
Withdrawn status Lost status Source of classification or shelving scheme Damaged status Not for loan Home library Current library Shelving location Date acquired Total Checkouts Full call number Barcode Date last seen Date last checked out Copy number Price effective from Koha item type
    Dewey Decimal Classification     London London BCIS/BMI publications 06/12/2006 4 ENQUIRY DESK 30073492 06/08/2019 11/12/2007 1 06/08/2019 Book
    Dewey Decimal Classification     London London BCIS/BMI publications 15/05/2007   ENQUIRY DESK 30072267 06/08/2019   2 06/08/2019 Reference material